[Event "Titled Tuesday intern op 06th Feb Early"]
[Site "Chess.com INT"]
[Date "2024.02.06"]
[Round "4"]
[White "Benen, Samson"]
[Black "Agibileg, Uurtsaikh"]
[Result "0-1"]
[WhiteElo "2326"]
[BlackElo "2445"]
[PlyCount "50"]
[EventDate "2024.02.06"]
[EventType "swiss (blitz)"]
[EventRounds "11"]
[EventCountry "USA"]
[SourceTitle "CB07_2024"]
[SourceDate "2024.02.14"]
[SourceVersion "1"]
[SourceVersionDate "2024.02.14"]
[SourceQuality "1"]

1. d4 Nf6 2. c4 e6 3. Nc3 Bb4 4. e3 0-0 5. Bd3 d5 6. Nf3 c5 7. 0-0 cxd4 8. exd4 dxc4 9. Bxc4 b6 10. Bg5 Bb7 11. Ne5 Nbd7 12. Qe2 Rc8 13. Rac1 Be7 14. Rfd1 Nd5 15. Bxd5 Bxd5 16. Bxe7 Qxe7 17. Nxd5 exd5 18. Qh5 g6 19. Qg4 Rxc1 20. Rxc1 Nxe5 21. dxe5 Qxe5 22. b3 d4 23. Rd1 d3 24. g3 Rd8 25. Qf3 d2 0-1

[Event "Titled Tuesday intern op 14th Dec"]
[Site "Chess.com INT"]
[Date "2021.12.14"]
[Round "10"]
[White "Benen, Samson"]
[Black "Bentivegna, Francesco"]
[Result "1/2-1/2"]
[WhiteElo "2339"]
[BlackElo "2281"]
[PlyCount "98"]
[EventDate "2021.12.14"]
[EventType "swiss (blitz)"]
[EventRounds "11"]
[EventCountry "USA"]
[SourceTitle "EXT 2023"]
[Source "ChessBase"]
[SourceDate "2022.10.05"]
[SourceVersion "1"]
[SourceVersionDate "2022.10.05"]
[SourceQuality "1"]

1. d4 d5 2. c4 e5 3. dxe5 d4 4. Nf3 Nc6 5. g3 Nge7 6. Bg2 Ng6 7. 0-0 Ngxe5 8. Nxe5 Nxe5 9. a3 a5 10. e3 Bc5 11. exd4 Qxd4 12. Nc3 0-0 13. Qxd4 Bxd4 14. Nb5 Bb6 15. Bf4 Nxc4 16. Bxc7 Bd7 17. Bxb6 Bxb5 18. Bd4 Rfd8 19. Bc3 Nd2 20. Rfd1 Nb3 21. Rxd8+ Rxd8 22. Re1 Bc6 23. Bxc6 bxc6 24. Re7 Ra8 25. Rc7 c5 26. h4 h5 27. f3 Rd8 28. g4 hxg4 29. fxg4 Re8 30. Kf2 f6 31. g5 Rf8 32. Kg3 Rf7 33. Rc8+ Kh7 34. Kg4 f5+ 35. Kf4 Nd4 36. h5 Ne6+ 37. Ke5 Nxg5 38. Rxc5 f4 39. Rxa5 f3 40. Bd4 Re7+ 41. Kf5 Ne6 42. Bf2 Nc7 43. Ra7 Re2 44. Rxc7 Rxf2 45. Rf7 Rxb2 46. Kg4 f2 47. Kg3 Ra2 48. Rxf2 Kh6 49. Rf5 Rxa3+ 1/2-1/2

[Event "Titled Tuesday intern op 16th Nov"]
[Site "Chess.com INT"]
[Date "2021.11.16"]
[Round "8"]
[White "Gracia Alvarez, Gerardo Antonio"]
[Black "Benen, Samson"]
[Result "1-0"]
[WhiteElo "2237"]
[BlackElo "2339"]
[PlyCount "75"]
[EventDate "2021.11.16"]
[EventType "swiss (blitz)"]
[EventRounds "11"]
[EventCountry "USA"]
[SourceTitle "CBM 205 Extra"]
[Source "ChessBase"]
[SourceDate "2022.01.31"]
[SourceVersion "1"]
[SourceVersionDate "2022.01.31"]
[SourceQuality "1"]

1. e4 e5 2. Nf3 Nc6 3. Bc4 g6 4. 0-0 Bg7 5. c3 f5 6. d4 fxe4 7. Nxe5 d5 8. Bb5 Nge7 9. f3 0-0 10. fxe4 Nxe5 11. Rxf8+ Qxf8 12. dxe5 c6 13. exd5 cxb5 14. e6 Qf5 15. d6 Bxe6 16. dxe7 Qc5+ 17. Kh1 Qxe7 18. Be3 Rd8 19. Nd2 Bd5 20. Qe1 b4 21. cxb4 Bxb2 22. Rb1 Bc3 23. Qf2 Rf8 24. Qg3 Bxd2 25. Bxd2 Qe2 26. Be3 Rf1+ 27. Rxf1 Qxf1+ 28. Bg1 Bxa2 29. Qb8+ Kg7 30. Qxb7+ Qf7 31. Bd4+ Kh6 32. Be3+ Kg7 33. Bd4+ Kh6 34. Qxa7 Qf1+ 35. Bg1 Bd5 36. Qe3+ Kg7 37. Qe5+ Kh6 38. Qxd5 1-0

[Event "Titled Tuesday intern op 16th Nov"]
[Site "Chess.com INT"]
[Date "2021.11.16"]
[Round "5"]
[White "Rosenberg, Evan"]
[Black "Benen, Samson"]
[Result "0-1"]
[WhiteElo "2099"]
[BlackElo "2339"]
[PlyCount "118"]
[EventDate "2021.11.16"]
[EventType "swiss (blitz)"]
[EventRounds "11"]
[EventCountry "USA"]
[SourceTitle "CBM 205 Extra"]
[Source "ChessBase"]
[SourceDate "2022.01.31"]
[SourceVersion "1"]
[SourceVersionDate "2022.01.31"]
[SourceQuality "1"]

1. Nf3 Nf6 2. c4 g6 3. Nc3 Bg7 4. e4 d6 5. d4 0-0 6. h3 Na6 7. Bg5 h6 8. Be3 e5 9. dxe5 dxe5 10. Qxd8 Rxd8 11. Be2 c6 12. 0-0 Nd7 13. Rfd1 Re8 14. a3 Ndc5 15. b4 Ne6 16. c5 Nac7 17. Bc4 Rd8 18. Rd6 Kf8 19. Rad1 Ke7 20. b5 Bd7 21. b6 Ne8 22. R6d3 Bc8 23. Rxd8 Nxd8 24. a4 Be6 25. Bxe6 Nxe6 26. a5 axb6 27. axb6 f5 28. exf5 gxf5 29. Ne2 Ra5 30. g3 Nxc5 31. Nc3 Nd7 32. Kg2 Nef6 33. Re1 e4 34. Nd4 Kf7 35. Nb3 Ra3 36. Rb1 Nd5 37. Nxd5 cxd5 38. Bd4 Rxb3 39. Rxb3 Bxd4 40. Rb5 Nxb6 41. g4 f4 42. h4 Ke6 43. g5 hxg5 44. hxg5 Kf5 45. g6 Kxg6 46. Rb3 Kf5 47. Rh3 f3+ 48. Kf1 Bf6 49. Rh7 Nc4 50. Rxb7 Ne5 51. Ke1 Kf4 52. Kd1 Nd3 53. Rd7 Bd4 54. Rf7+ Ke5 55. Rb7 Nxf2+ 56. Ke1 Nd3+ 57. Kf1 e3 58. Re7+ Kd6 59. Rf7 e2# 0-1

[Event "Titled Tuesday intern op 09th Nov"]
[Site "Chess.com INT"]
[Date "2021.11.09"]
[Round "9"]
[White "Benen, Samson"]
[Black "Manukian, Artak"]
[Result "0-1"]
[WhiteElo "2339"]
[BlackElo "2196"]
[PlyCount "92"]
[EventDate "2021.11.09"]
[EventType "swiss (blitz)"]
[EventRounds "11"]
[EventCountry "USA"]
[SourceTitle "CBM 205 Extra"]
[Source "ChessBase"]
[SourceDate "2022.01.31"]
[SourceVersion "1"]
[SourceVersionDate "2022.01.31"]
[SourceQuality "1"]

1. d4 Nf6 2. c4 e6 3. Nc3 d5 4. Bg5 a6 5. e3 c6 6. Nf3 Bd6 7. Qc2 Nbd7 8. 0-0-0 b5 9. c5 Be7 10. e4 Nxe4 11. Bxe7 Qxe7 12. Nxe4 dxe4 13. Qxe4 Bb7 14. Bd3 Nf6 15. Qe2 0-0 16. h4 Rfd8 17. h5 a5 18. Ne5 Nd7 19. Qe4 f5 20. Qe2 Nxe5 21. Qxe5 Rd5 22. Qe3 Rad8 23. Be2 Qf6 24. Kb1 Rxd4 25. Rxd4 Rxd4 26. h6 g5 27. Rh5 f4 28. Rxg5+ Qxg5 29. Qxd4 Qxh6 30. Qd7 Qg7 31. Qe8+ Qf8 32. Qxe6+ Qf7 33. Qd6 Qg6+ 34. Bd3 Qxd6 35. cxd6 Kf7 36. Bf5 c5 37. g3 fxg3 38. fxg3 h6 39. Kc2 Kf6 40. Kd3 Bd5 41. a3 b4 42. axb4 axb4 43. Kd2 Bc6 44. g4 h5 45. gxh5 Kxf5 46. Kd3 Bb5+ 0-1

[Event "Titled Tuesday intern op 09th Nov"]
[Site "Chess.com INT"]
[Date "2021.11.09"]
[Round "8"]
[White "Benen, Samson"]
[Black "Shishkov, Andrei"]
[Result "1-0"]
[WhiteElo "2339"]
[BlackElo "2405"]
[PlyCount "99"]
[EventDate "2021.11.09"]
[EventType "swiss (blitz)"]
[EventRounds "11"]
[EventCountry "USA"]
[SourceTitle "CBM 205 Extra"]
[Source "ChessBase"]
[SourceDate "2022.01.31"]
[SourceVersion "1"]
[SourceVersionDate "2022.01.31"]
[SourceQuality "1"]

1. d4 d5 2. c4 Bf5 3. Nc3 e6 4. e3 c6 5. Bd3 Bxd3 6. Qxd3 f5 7. Nf3 Nh6 8. Bd2 Bd6 9. h3 Nd7 10. 0-0-0 Nf7 11. g4 g6 12. Rdg1 Nf6 13. Be1 Qd7 14. Nd2 0-0-0 15. f3 Rde8 16. gxf5 exf5 17. Bh4 dxc4 18. Nxc4 Nd5 19. Re1 Bc7 20. f4 Nb4 21. Qd2 Qe6 22. b3 Nd6 23. Ne5 Ba5 24. Qb2 Ne4 25. Nxe4 fxe4 26. Kb1 Qd5 27. Rc1 Nd3 28. Qc2 Nxc1 29. Rxc1 Kb8 30. Bg3 Bc7 31. Nc4 h5 32. Ne5 h4 33. Be1 Bxe5 34. dxe5 Rd8 35. Bc3 Qd3 36. Bd4 Qxc2+ 37. Rxc2 Rc8 38. Rg2 Rhg8 39. Rg5 c5 40. Bc3 Rc6 41. Rg4 Re6 42. f5 Ree8 43. f6 Rgf8 44. Rxe4 b5 45. Rxh4 b4 46. Bb2 Kc7 47. Rh7+ Kc6 48. Rxa7 Kd5 49. Rd7+ Ke4 50. f7 1-0

[Event "Titled Tuesday intern op 09th Nov"]
[Site "Chess.com INT"]
[Date "2021.11.09"]
[Round "10"]
[White "Bures, Vit"]
[Black "Benen, Samson"]
[Result "0-1"]
[WhiteElo "2111"]
[BlackElo "2339"]
[PlyCount "46"]
[EventDate "2021.11.09"]
[EventType "swiss (blitz)"]
[EventRounds "11"]
[EventCountry "USA"]
[SourceTitle "CBM 205 Extra"]
[Source "ChessBase"]
[SourceDate "2022.01.31"]
[SourceVersion "1"]
[SourceVersionDate "2022.01.31"]
[SourceQuality "1"]

1. d4 Nf6 2. c4 Nc6 3. Nc3 e5 4. d5 Ne7 5. h4 Neg8 6. e4 Bc5 7. Qd3 d6 8. Be3 Bxe3 9. Qxe3 Ne7 10. g3 Ng4 11. Qe2 f5 12. Bh3 Nf6 13. exf5 Bxf5 14. Bxf5 Nxf5 15. Nf3 0-0 16. 0-0 Qd7 17. Ng5 Nd4 18. Qd1 h6 19. Nf3 Nf5 20. Re1 Rf7 21. Ne4 Nxe4 22. Rxe4 Raf8 23. Kg2 Nd4 0-1

[Event "Titled Tuesday intern op 09th Nov"]
[Site "Chess.com INT"]
[Date "2021.11.09"]
[Round "7"]
[White "Zaksaite, Salomeja"]
[Black "Benen, Samson"]
[Result "0-1"]
[WhiteElo "2250"]
[BlackElo "2339"]
[PlyCount "76"]
[EventDate "2021.11.09"]
[EventType "swiss (blitz)"]
[EventRounds "11"]
[EventCountry "USA"]
[SourceTitle "CBM 205 Extra"]
[Source "ChessBase"]
[SourceDate "2022.01.31"]
[SourceVersion "1"]
[SourceVersionDate "2022.01.31"]
[SourceQuality "1"]

1. e4 e5 2. Nf3 Nc6 3. Bc4 g6 4. d4 exd4 5. Nxd4 Bg7 6. Nxc6 bxc6 7. 0-0 d6 8. Qf3 Be6 9. Bxe6 fxe6 10. Nc3 Qd7 11. Ne2 Ne7 12. c3 c5 13. Bg5 Nc6 14. Rad1 Rb8 15. b3 Qf7 16. Qxf7+ Kxf7 17. f4 Rhe8 18. f5 exf5 19. Ng3 f4 20. Rxf4+ Kg8 21. Bf6 Bxf6 22. Rxf6 Rf8 23. Rxf8+ Kxf8 24. Kf2 Ne5 25. c4 a5 26. Ke3 a4 27. Ne2 axb3 28. Rb1 Nxc4+ 29. Kd3 Ne5+ 30. Kc3 Ra8 31. axb3 Ra2 32. Rf1+ Ke7 33. Nf4 c6 34. h4 Ng4 35. g3 Ne5 36. h5 g5 37. Nh3 g4 38. Ng5 Rg2 0-1

[Event "Titled Tuesday intern op 05th Oct"]
[Site "Chess.com INT"]
[Date "2021.10.05"]
[Round "7"]
[White "Benen, Samson"]
[Black "Krzywda, Andrzej"]
[Result "1-0"]
[WhiteElo "2339"]
[BlackElo "2123"]
[PlyCount "161"]
[EventDate "2021.10.05"]
[EventType "swiss (blitz)"]
[EventRounds "11"]
[EventCountry "USA"]
[SourceTitle "CBM 204 Extra"]
[Source "ChessBase"]
[SourceDate "2021.11.30"]
[SourceVersion "1"]
[SourceVersionDate "2021.11.30"]
[SourceQuality "1"]

1. d4 Nf6 2. c4 c5 3. d5 b5 4. f3 b4 5. e4 d6 6. Ne2 g6 7. Ng3 Bg7 8. Be2 a5 9. 0-0 0-0 10. Bg5 h6 11. Be3 e5 12. Nd2 Ra7 13. Qc2 Nh7 14. Kh1 h5 15. Kg1 h4 16. Nh1 f5 17. exf5 Bxf5 18. Ne4 Raf7 19. Nhf2 Nd7 20. Bd3 Ndf6 21. a3 Nh5 22. axb4 axb4 23. Ra6 Rd7 24. Rfa1 Nf4 25. Rc6 Nf6 26. Raa6 Nxd3 27. Qxd3 Nxe4 28. fxe4 Qf6 29. exf5 gxf5 30. Bxc5 e4 31. Qe2 Qe5 32. Rxd6 Rdf7 33. Re6 Qf4 34. Bxb4 Rb8 35. Bc3 Bxc3 36. bxc3 Rb1+ 37. Nd1 e3 38. Re8+ Kg7 39. Rae6 Qf2+ 40. Qxf2 exf2+ 41. Kxf2 Rxd1 42. R8e7 Rc1 43. Rxf7+ Kxf7 44. Rc6 Rxc3 45. d6 Ke6 46. c5 Kd7 47. Rc7+ Kd8 48. c6 f4 49. Rd7+ Kc8 50. Rc7+ Kd8 51. h3 Rd3 52. Rd7+ Kc8 53. Rf7 Rxd6 54. Rxf4 Rxc6 55. Rxh4 Rf6+ 56. Kg3 Kd7 57. Rf4 Rg6+ 58. Kh4 Ke6 59. g4 Rh6+ 60. Kg5 Rxh3 61. Kg6 Rg3 62. g5 Ra3 63. Kg7 Ra7+ 64. Kh6 Ke5 65. Rf1 Ra6+ 66. g6 Ra3 67. g7 Rh3+ 68. Kg6 Rg3+ 69. Kf7 Kd6 70. g8Q Rxg8 71. Kxg8 Ke7 72. Rf5 Ke8 73. Rf6 Kd8 74. Kf7 Kd7 75. Re6 Kc7 76. Ke7 Kc8 77. Rd6 Kb8 78. Kd7 Kb7 79. Rc6 Ka7 80. Kc7 Ka8 81. Ra6# 1-0

[Event "Titled Tuesday intern op 05th Oct"]
[Site "Chess.com INT"]
[Date "2021.10.05"]
[Round "8"]
[White "Benen, Samson"]
[Black "Leitao, Rafael Duailibe"]
[Result "0-1"]
[WhiteElo "2339"]
[BlackElo "2592"]
[PlyCount "88"]
[EventDate "2021.10.05"]
[EventType "swiss (blitz)"]
[EventRounds "11"]
[EventCountry "USA"]
[SourceTitle "CBM 204 Extra"]
[Source "ChessBase"]
[SourceDate "2021.11.30"]
[SourceVersion "1"]
[SourceVersionDate "2021.11.30"]
[SourceQuality "1"]

1. d4 Nf6 2. c4 g6 3. Nc3 Bg7 4. e4 d6 5. f3 0-0 6. Be3 c5 7. d5 e6 8. Qd2 exd5 9. cxd5 a6 10. a4 Re8 11. Ra3 Qc7 12. Nge2 Nbd7 13. Ng3 Ne5 14. Be2 Rb8 15. 0-0 Bd7 16. Rb1 b5 17. axb5 Bxb5 18. Nxb5 axb5 19. b4 Nc4 20. Bxc4 bxc4 21. b5 Nd7 22. Ne2 Ne5 23. Nc3 f5 24. h3 Nd3 25. Rba1 Qf7 26. Ra7 Qf6 27. R1a3 f4 28. Bf2 Qg5 29. Rd7 Ne5 30. Rxg7+ Kxg7 31. Ra7+ Kg8 32. Kh2 Nd3 33. Bg1 Qf6 34. Qc2 Ne5 35. Bf2 Qd8 36. Qa4 Nd3 37. Bg1 Ne5 38. Qa6 Qb6 39. Qa4 Rb7 40. Ra6 Qc7 41. Qa1 Reb8 42. Bf2 Qe7 43. Be1 Nd3 44. Bd2 Qg5 0-1

[Event "Titled Tuesday intern op 05th Oct"]
[Site "Chess.com INT"]
[Date "2021.10.05"]
[Round "2"]
[White "Benen, Samson"]
[Black "Shapiro, Daniel E"]
[Result "1/2-1/2"]
[WhiteElo "2339"]
[BlackElo "2284"]
[PlyCount "70"]
[EventDate "2021.10.05"]
[EventType "swiss (blitz)"]
[EventRounds "11"]
[EventCountry "USA"]
[SourceTitle "CBM 204 Extra"]
[Source "ChessBase"]
[SourceDate "2021.11.30"]
[SourceVersion "1"]
[SourceVersionDate "2021.11.30"]
[SourceQuality "1"]

1. d4 Nf6 2. c4 e6 3. Nc3 Bb4 4. e3 d5 5. Nf3 0-0 6. Bd3 b6 7. 0-0 Bb7 8. cxd5 exd5 9. Ne5 a6 10. f4 Bd6 11. Qf3 Nbd7 12. g4 Re8 13. g5 Ne4 14. Nxe4 dxe4 15. Bxe4 Bxe4 16. Qxe4 Bxe5 17. dxe5 Nc5 18. Qg2 Qd3 19. Qd2 Qf5 20. Qg2 Qd3 21. Bd2 Rad8 22. Bc3 Qxe3+ 23. Kh1 Qe4 24. Rae1 Qxg2+ 25. Kxg2 Na4 26. Re2 Nxc3 27. bxc3 Rd3 28. Rf3 Red8 29. Ree3 Rd2+ 30. Rf2 Rxf2+ 31. Kxf2 Rd2+ 32. Re2 Rd3 33. Re3 Rd2+ 34. Re2 Rd3 35. Re3 Rd2+ 1/2-1/2

[Event "Titled Tuesday intern op 05th Oct"]
[Site "Chess.com INT"]
[Date "2021.10.05"]
[Round "5"]
[White "Benen, Samson"]
[Black "Tsyhanchuk, Stanislav"]
[Result "1-0"]
[WhiteElo "2339"]
[BlackElo "2283"]
[PlyCount "119"]
[EventDate "2021.10.05"]
[EventType "swiss (blitz)"]
[EventRounds "11"]
[EventCountry "USA"]
[SourceTitle "CBM 204 Extra"]
[Source "ChessBase"]
[SourceDate "2021.11.30"]
[SourceVersion "1"]
[SourceVersionDate "2021.11.30"]
[SourceQuality "1"]

1. d4 d5 2. c4 c6 3. Nc3 Nf6 4. Nf3 dxc4 5. e3 Bf5 6. Bxc4 e6 7. 0-0 Nbd7 8. Re1 Bg6 9. e4 Bb4 10. Bd3 Qc7 11. Bd2 0-0 12. e5 Bxd3 13. exf6 Nxf6 14. Ne5 Bg6 15. Bf4 Qa5 16. Qf3 Rad8 17. Red1 Nd5 18. Ne4 Nxf4 19. Qxf4 Bxe4 20. Qxe4 Qd5 21. Qh4 Bd6 22. Nf3 h6 23. Qg4 Be7 24. h4 Bf6 25. Rd2 Rd7 26. Rad1 Qxa2 27. Qf4 Rfd8 28. g4 Rd5 29. g5 hxg5 30. hxg5 Rf5 31. Qg4 Be7 32. g6 f6 33. Qh4 Bb4 34. Qh7+ Kf8 35. Qh8+ Ke7 36. Qxg7+ Kd6 37. Rd3 Qd5 38. Kg2 Rg5+ 39. Kf1 Rh5 40. Ke2 Qe4+ 41. Re3 Qc2+ 42. Nd2 Bxd2 43. Rxd2 Qc4+ 44. Rdd3 Qc2+ 45. Rd2 Qc4+ 46. Red3 Qd5 47. Qxf6 Qe4+ 48. Kd1 Rh1+ 49. Kc2 Re8 50. g7 Rg1 51. Qf8+ Kd7 52. Qf6 Qd5 53. Qf7+ Re7 54. g8Q Rxf7 55. Qg7 Kd6 56. Qxf7 Qc4+ 57. Rc3 Qa4+ 58. Rb3 Qc4+ 59. Rc3 Qa4+ 60. Kd3 1-0

[Event "Titled Tuesday intern op 05th Oct"]
[Site "Chess.com INT"]
[Date "2021.10.05"]
[Round "6"]
[White "Itkis, Boris"]
[Black "Benen, Samson"]
[Result "1-0"]
[WhiteElo "2333"]
[BlackElo "2339"]
[PlyCount "65"]
[EventDate "2021.10.05"]
[EventType "swiss (blitz)"]
[EventRounds "11"]
[EventCountry "USA"]
[SourceTitle "CBM 204 Extra"]
[Source "ChessBase"]
[SourceDate "2021.11.30"]
[SourceVersion "1"]
[SourceVersionDate "2021.11.30"]
[SourceQuality "1"]

1. c4 Nf6 2. Nf3 g6 3. b4 Bg7 4. Bb2 c6 5. g3 d5 6. cxd5 cxd5 7. Bg2 0-0 8. 0-0 Bf5 9. d3 a5 10. b5 Nbd7 11. Nbd2 Qb6 12. a4 Rfc8 13. Bd4 Nc5 14. Nb3 Nfd7 15. Nxc5 Nxc5 16. Bxg7 Kxg7 17. Qb1 Rc7 18. Qb2+ f6 19. Rfc1 Rac8 20. Nd4 e6 21. Nxf5+ gxf5 22. Kf1 Nxa4 23. Rxc7+ Rxc7 24. Rxa4 Rc5 25. Qa3 Qxb5 26. Bf3 b6 27. Rh4 Qb1+ 28. Kg2 Kg6 29. Bh5+ Kg5 30. d4 Qc1 31. Qf3 Rc3 32. e3 Qc2 33. Qf4# 1-0

[Event "Titled Tuesday intern op 05th Oct"]
[Site "Chess.com INT"]
[Date "2021.10.05"]
[Round "1"]
[White "Sadhwani, Raunak"]
[Black "Benen, Samson"]
[Result "1-0"]
[WhiteElo "2609"]
[BlackElo "2339"]
[PlyCount "61"]
[EventDate "2021.10.05"]
[EventType "swiss (blitz)"]
[EventRounds "11"]
[EventCountry "USA"]
[SourceTitle "CBM 204 Extra"]
[Source "ChessBase"]
[SourceDate "2021.11.30"]
[SourceVersion "1"]
[SourceVersionDate "2021.11.30"]
[SourceQuality "1"]

1. d4 Nf6 2. Nf3 g6 3. Nc3 d5 4. Bf4 Bg7 5. Nb5 Na6 6. e3 c6 7. Nc3 Nc7 8. h3 0-0 9. Be2 a5 10. 0-0 b6 11. Ne5 Bb7 12. Bf3 Ne6 13. Qd2 Nxf4 14. exf4 e6 15. Ne2 c5 16. c3 Qe7 17. Rfe1 Rfd8 18. Qe3 a4 19. a3 Rac8 20. Rad1 Ne8 21. g4 Nd6 22. Ng3 cxd4 23. Rxd4 Qf8 24. Rdd1 b5 25. h4 Nc4 26. Nxc4 Rxc4 27. f5 d4 28. cxd4 Rcxd4 29. fxe6 Bxf3 30. Qxf3 Rxd1 31. Rxd1 1-0

[Event "Titled Tuesday intern op 05th Oct"]
[Site "Chess.com INT"]
[Date "2021.10.05"]
[Round "3"]
[White "Vifleemskaia, Svetlana"]
[Black "Benen, Samson"]
[Result "0-1"]
[WhiteElo "1926"]
[BlackElo "2339"]
[PlyCount "52"]
[EventDate "2021.10.05"]
[EventType "swiss (blitz)"]
[EventRounds "11"]
[EventCountry "USA"]
[SourceTitle "CBM 204 Extra"]
[Source "ChessBase"]
[SourceDate "2021.11.30"]
[SourceVersion "1"]
[SourceVersionDate "2021.11.30"]
[SourceQuality "1"]

1. d4 Nf6 2. c4 Nc6 3. Nf3 e6 4. a3 d6 5. Nc3 g6 6. e4 Bg7 7. Be2 0-0 8. 0-0 Re8 9. b4 e5 10. d5 Nd4 11. Be3 Nxe2+ 12. Nxe2 Nh5 13. Ng3 Nf4 14. Rc1 h5 15. Ne2 Bg4 16. Nxf4 exf4 17. Bxf4 Rxe4 18. Be3 Qd7 19. Qd3 Bxf3 20. gxf3 Rh4 21. Bg5 Rh3 22. Kg2 Re8 23. Rce1 Re5 24. Bf4 Rf5 25. Kxh3 Rxd5+ 26. Kg2 Rxd3 0-1

[Event "USA-chT Amateur East"]
[Site "Parsippany"]
[Date "2005.03.21"]
[Round "6"]
[White "Cherniack, Alex"]
[Black "Benen, Samson"]
[Result "1/2-1/2"]
[WhiteElo "2238"]
[BlackElo "2339"]
[PlyCount "87"]
[EventDate "2005.03.19"]
[EventType "team"]
[EventRounds "6"]
[EventCountry "USA"]
[SourceTitle "CBM 105 Extra"]
[Source "ChessBase"]
[SourceDate "2005.05.01"]
[SourceVersion "1"]
[SourceVersionDate "2005.05.01"]
[SourceQuality "1"]

1. d4 Nf6 2. c4 Nc6 3. Nc3 e5 4. d5 Ne7 5. g3 d6 6. Bg2 g6 7. f4 exf4 8. Bxf4 Bg7 9. Nf3 0-0 10. 0-0 Re8 11. e4 Bg4 12. Qd2 Bxf3 13. Bxf3 Nd7 14. Be2 Ne5 15. Nb5 Nc8 16. Rac1 a6 17. Nd4 Nd7 18. Bf3 Nc5 19. Rfe1 Qf6 20. Rcd1 Nb6 21. b3 Ncd7 22. Bg2 Qe7 23. Nf3 Ne5 24. Nd4 Nbd7 25. Qc2 Nb6 26. Re2 h5 27. Nf3 Nxf3+ 28. Bxf3 Nd7 29. Qd2 a5 30. Rde1 b6 31. Rg2 Qf6 32. Bd1 Qd4+ 33. Qxd4 Bxd4+ 34. Kf1 Re7 35. Bc2 Kg7 36. Bd2 Rae8 37. Rge2 Bf6 38. Kg2 Nc5 39. Kf3 Nd7 40. Kg2 Nc5 41. Kf3 Nd7 42. Kg2 Kh7 43. Rf1 Kg7 44. Rfe1 1/2-1/2

[Event "USA-ch U18"]
[Site "Lindsborg"]
[Date "2004.07.23"]
[Round "6"]
[White "Benen, Samson"]
[Black "Fernandez, Daniel"]
[Result "1/2-1/2"]
[WhiteElo "2323"]
[BlackElo "2317"]
[PlyCount "53"]
[EventDate "2004.07.20"]
[EventType "tourn"]
[EventRounds "9"]
[EventCountry "USA"]
[EventCategory "6"]
[SourceTitle "CBM 101 Extra"]
[Source "ChessBase"]
[SourceDate "2004.09.01"]
[SourceVersion "2"]
[SourceVersionDate "2004.09.01"]
[SourceQuality "1"]

1. d4 d5 2. Nf3 Nf6 3. c4 c6 4. Nc3 e6 5. Bg5 dxc4 6. e4 b5 7. e5 h6 8. Bh4 g5 9. Nxg5 hxg5 10. Bxg5 Nbd7 11. exf6 Bb7 12. g3 c5 13. d5 Qb6 14. Bg2 0-0-0 15. 0-0 b4 16. Rb1 Qa6 17. dxe6 Bxg2 18. e7 Bxf1 19. Qd5 Bxe7 20. fxe7 Bd3 21. exd8Q+ Rxd8 22. Ne4 Bxb1 23. Nd6+ Kc7 24. Bf4 Kb6 25. Nxc4+ Kb5 26. Nd6+ Kb6 27. Nc4+ 1/2-1/2

[Event "World op 32nd"]
[Site "Philadelphia"]
[Date "2004.07.04"]
[Round "6"]
[White "Benen, Samson"]
[Black "Coleman, Teddy"]
[Result "0-1"]
[WhiteElo "2360"]
[BlackElo "2198"]
[PlyCount "118"]
[EventDate "2004.07.01"]
[EventType "swiss"]
[EventRounds "9"]
[EventCountry "USA"]
[SourceTitle "CBM 101 Extra"]
[Source "ChessBase"]
[SourceDate "2004.09.01"]
[SourceVersion "2"]
[SourceVersionDate "2004.09.01"]
[SourceQuality "1"]

1. d4 Nf6 2. Nf3 e6 3. c4 Bb4+ 4. Bd2 a5 5. g3 b6 6. Bg2 Bb7 7. 0-0 Bxd2 8. Qxd2 d6 9. Qc2 Be4 10. Qc1 Nbd7 11. Nc3 Bb7 12. Qc2 0-0 13. e4 e5 14. d5 Nc5 15. b3 c6 16. Nd2 Qd7 17. a3 b5 18. b4 axb4 19. axb4 Na6 20. dxc6 Bxc6 21. Rab1 Rfc8 22. Rfd1 Qe6 23. Bf1 Rab8 24. Qa2 Nc7 25. Qa5 Ra8 26. Qb6 Ra6 27. Qe3 Ra3 28. Ra1 Ng4 29. Qf3 Rca8 30. Rxa3 Rxa3 31. cxb5 Bxb5 32. Ndb1 Rb3 33. Qf5 Qxf5 34. exf5 Bxf1 35. Kxf1 d5 36. Kg2 Nf6 37. Rc1 Rxb4 38. Nd2 h5 39. Nf3 e4 40. Ng5 Rc4 41. Ne2 Rxc1 42. Nxc1 Nfe8 43. h3 f6 44. Ne6 Nxe6 45. fxe6 Nc7 46. e7 Kf7 47. Ne2 g5 48. f4 exf3+ 49. Kxf3 Nb5 50. h4 Kxe7 51. Ke3 Kf7 52. Ng1 Kg6 53. Nh3 Kf5 54. Nf2 Nd6 55. Kf3 Nc4 56. hxg5 fxg5 57. Ke2 Ne5 58. Kd2 d4 59. Ke2 h4 0-1

[Event "Philadelphia National op 34th"]
[Site "Philadelphia"]
[Date "2003.11.28"]
[Round "2"]
[White "Benen, Samson"]
[Black "Onischuk, Alexander"]
[Result "1/2-1/2"]
[WhiteElo "2303"]
[BlackElo "2661"]
[PlyCount "101"]
[EventDate "2003.11.28"]
[EventType "swiss"]
[EventRounds "6"]
[EventCountry "USA"]
[SourceTitle "CBM 097 Extra"]
[Source "ChessBase"]
[SourceDate "2004.01.13"]
[SourceVersion "1"]
[SourceVersionDate "2004.01.13"]
[SourceQuality "1"]

1. d4 f5 2. g3 Nf6 3. Bg2 g6 4. Nf3 Bg7 5. b3 0-0 6. Bb2 d6 7. c4 Qe8 8. 0-0 Na6 9. Qc2 Rb8 10. Nbd2 b5 11. Rac1 bxc4 12. Nxc4 Nb4 13. Qb1 Bb7 14. a3 Be4 15. Qa1 Nbd5 16. b4 Bh6 17. e3 g5 18. Ncd2 g4 19. Nxe4 Nxe4 20. Nh4 Qf7 21. Qb1 Nd2 22. Qa2 e6 23. Rfd1 Ne4 24. Bh1 Bg5 25. Ng2 Qh5 26. Nf4 Bxf4 27. exf4 Rf6 28. Qb1 Rh6 29. Bxe4 Qxh2+ 30. Kf1 fxe4 31. Qxe4 Qh1+ 32. Qxh1 Rxh1+ 33. Ke2 Rxd1 34. Kxd1 a5 35. Bc3 axb4 36. axb4 Kf7 37. Be1 Kg6 38. Ke2 Ra8 39. b5 Kf5 40. Rc6 Ra2+ 41. Kf1 Ra4 42. Ke2 h5 43. Bd2 Rxd4 44. Ba5 h4 45. gxh4 Nxf4+ 46. Ke1 Rd5 47. Bxc7 Rxb5 48. Bxd6 e5 49. h5 Nxh5 50. Rc5 Rxc5 51. Bxc5 1/2-1/2

[Event "World op 31st"]
[Site "Philadelphia"]
[Date "2003.07.02"]
[Round "3"]
[White "Benen, Samson"]
[Black "Jonkman, Harmen"]
[Result "0-1"]
[WhiteElo "2251"]
[BlackElo "2431"]
[PlyCount "76"]
[EventDate "2003.06.30"]
[EventType "swiss"]
[EventRounds "9"]
[EventCountry "USA"]
[SourceTitle "EXT 2004"]
[Source "ChessBase"]
[SourceDate "2003.11.25"]
[SourceVersion "1"]
[SourceVersionDate "2003.11.25"]
[SourceQuality "1"]

1. d4 d5 2. Nf3 Nf6 3. c4 dxc4 4. e3 e6 5. Bxc4 a6 6. 0-0 b5 7. Be2 Nbd7 8. a4 b4 9. Nbd2 c5 10. Nc4 Bb7 11. Nfe5 Qc7 12. Bf3 Be7 13. Nxd7 Nxd7 14. d5 exd5 15. Bxd5 Bxd5 16. Qxd5 Rd8 17. b3 0-0 18. Bb2 Bf6 19. Rac1 Nb6 20. Qf5 Bxb2 21. Nxb2 Rd5 22. Qe4 a5 23. Nc4 Rh5 24. g3 Nd5 25. Qf3 g6 26. Rcd1 Nc3 27. Rd6 Rd8 28. Qc6 Qe7 29. h4 Rd5 30. Rxd5 Rxd5 31. Nxa5 Qe4 32. Qc8+ Kg7 33. Qh3 Qd3 34. Qg2 Ne4 35. Rc1 Rf5 36. Rf1 Nd2 37. Rc1 Qe2 38. Nb7 Nxb3 0-1